000
00280nam a2200121Ia 4500
008
190216s9999||||xx |||||||||||||| ||und||
100
_a
Thikkodiyan
245
0
_a
Rajamargam
260
_b
Poorna Pubs Kozhikode
_c
1989
300
_a
90p
650
_a
Malayalam Nadakam
942
_c
BK
999
_c
26444
_d
26444